00493 a2200169 450000100060000002000180000604000240002410000330004824000360008124500310011730000070014836200090015565000310016494200070019595201040020299900170030646797 a9788563877116 cAnchieta - Aquarius aFerreira, Hellenice de Souza10aUm menino chamado Negrinholpor10aUm menino chamado Negrinho a400 a2011 4aLiteratura infanto-juvenil cBK 00104070a87.1b87.1d2023-11-21l0o028.5 FER MENp4938/AQUr2023-11-21 15:13:29w2023-11-21yBK c46797d46797